000
00285nam a22001337a 4500
008
170911b xxu||||| |||| 00| 0 eng d
020
_a
9780736278089
041
_a
eng
080
_a
53
100
_a
43
101
_a
FIZ
245
_a
PHYSICAL SCIENCE
_c
BUTLER,M.B
942
_2
udc
_c
BK
999
_c
27176
_d
27176